Vista normal
Vista MARC
- Aldecoa, Ignacio
Entrada Nombre personal
Número de registros utilizados en: 2
001 - NÚMERO DE CONTROL
- campo de control: 30648
003 - IDENTIFICADOR DEL NÚMERO DE CONTROL
- campo de control: AR-RoBPED
005 - FECHA Y HORA DE LA ÚLTIMA TRANSACCIÓN
- campo de control: 20260325091901.0
008 - DATOS DE LONGITUD FIJA
- campo de control de longitud fija: 260325|| ac|||aabn | a|a d
040 ## - FUENTE DE LA CATALOGACIÓN
- Centro catalogador/agencia de origen: AR-RoBPED
100 ## - ENCABEZAMIENTO-NOMBRE DE PERSONA
- Nombre de persona: Aldecoa, Ignacio
- Fechas asociadas al nombre: 1925-1969
400 ## - TRAZADO DE VÉASE--NOMBRE DE PERSONA
- Nombre de persona: Aldecoa Isasi, José Ignacio de
- Fechas asociadas al nombre: 1925-1969